О частотной зависимости внутреннего трения сплава АМг-6; Проблемы машиностроения и надежности машин; № 3

Bibliografiske detaljer
Parent link:Проблемы машиностроения и надежности машин
№ 3.— 2021.— [С. 71-79]
Institution som forfatter: Национальный исследовательский Томский политехнический университет Школа базовой инженерной подготовки Отделение общетехнических дисциплин
Andre forfattere: Томилин А. К. Александр Константинович, Кузнецов Ф. Ю. Федор Юрьевич, Коноваленко И. С. Иван Сергеевич, Дружинин Н. В. Николай Владимирович, Красновейкин В. А. Владимир Алексеевич, Смолин И. Ю. Игорь Юрьевич
Summary:Заглавие с экрана
Оценка вибропрочности упругих металлических конструкций различного назначения проводится на основе математического моделирования. При этом возникает проблема адекватного определения коэффициента внутреннего трения металла, поскольку он существенно влияет на значения собственных частот затухающих колебаний и отражаются на условиях резонансов различных порядков. В настоящей статье коэффициент внутреннего трения алюминиевого сплава АМг-6 определен двумя методами: электромеханическим и лазерной виброметрии. Установлена зависимость коэффициента внутреннего трения от основной частоты колебаний в герцевом диапазоне при соблюдении условия изохронности. Результаты исследования позволяют уточнить гипотезу Фойгта применительно к сплаву АМг-6 в герцевом диапазоне.
Режим доступа: по договору с организацией-держателем ресурса
Sprog:russisk
Udgivet: 2021
Fag:
Online adgang:https://doi.org/10.31857/S0235711921030159
https://sciencejournals.ru/view-article/?j=pminm&y=2021&v=0&n=3&a=PMiNM2103015Tomilin
Format: Electronisk Book Chapter
KOHA link:https://koha.lib.tpu.ru/cgi-bin/koha/opac-detail.pl?biblionumber=665098

MARC

LEADER 00000naa0a2200000 4500
001 665098
005 20250127143721.0
035 |a (RuTPU)RU\TPU\network\36297 
035 |a RU\TPU\network\35162 
090 |a 665098 
100 |a 20210811d2021 k||y0rusy50 ca 
101 0 |a rus 
102 |a RU 
135 |a drnn ---uucaa 
181 0 |a i  
182 0 |a b 
200 1 |a О частотной зависимости внутреннего трения сплава АМг-6  |d Frequency Dependence of the Internal Friction of the AMg6 Alloy  |f А. К. Томилин, Ф. Ю. Кузнецов, И. С. Коноваленко [и др.] 
203 |a Текст  |c электронный 
300 |a Заглавие с экрана 
320 |a [Библиогр.: 15 назв.] 
330 |a Оценка вибропрочности упругих металлических конструкций различного назначения проводится на основе математического моделирования. При этом возникает проблема адекватного определения коэффициента внутреннего трения металла, поскольку он существенно влияет на значения собственных частот затухающих колебаний и отражаются на условиях резонансов различных порядков. В настоящей статье коэффициент внутреннего трения алюминиевого сплава АМг-6 определен двумя методами: электромеханическим и лазерной виброметрии. Установлена зависимость коэффициента внутреннего трения от основной частоты колебаний в герцевом диапазоне при соблюдении условия изохронности. Результаты исследования позволяют уточнить гипотезу Фойгта применительно к сплаву АМг-6 в герцевом диапазоне. 
333 |a Режим доступа: по договору с организацией-держателем ресурса 
461 |t Проблемы машиностроения и надежности машин 
463 |t № 3  |v [С. 71-79]  |d 2021 
510 1 |a Frequency Dependence of the Internal Friction of the AMg6 Alloy  |z eng 
610 1 |a электронный ресурс 
610 1 |a труды учёных ТПУ 
610 1 |a сплавы 
610 1 |a внутреннее трение 
610 1 |a вибропрочность 
701 1 |a Томилин  |b А. К.  |c физик, механик  |c профессор Томского политехнического университета, доктор физико-математических наук  |f 1955-  |g Александр Константинович  |3 (RuTPU)RU\TPU\pers\31233  |9 15428 
701 1 |a Кузнецов  |b Ф. Ю.  |g Федор Юрьевич 
701 1 |a Коноваленко  |b И. С.  |c физик  |c доцент Томского политехнического университета, кандидат физико-математических наук  |f 1980-  |g Иван Сергеевич  |3 (RuTPU)RU\TPU\pers\37484  |9 20371 
701 1 |a Дружинин  |b Н. В.  |g Николай Владимирович 
701 1 |a Красновейкин  |b В. А.  |g Владимир Алексеевич 
701 1 |a Смолин  |b И. Ю.  |c специалист в области материаловедения  |c старший научный сотрудник Томского политехнического университета  |f 1963-  |g Игорь Юрьевич  |3 (RuTPU)RU\TPU\pers\34807 
712 0 2 |a Национальный исследовательский Томский политехнический университет  |b Школа базовой инженерной подготовки  |b Отделение общетехнических дисциплин  |3 (RuTPU)RU\TPU\col\23550 
801 2 |a RU  |b 63413507  |c 20210811  |g RCR 
856 4 |u https://doi.org/10.31857/S0235711921030159 
856 4 |u https://sciencejournals.ru/view-article/?j=pminm&y=2021&v=0&n=3&a=PMiNM2103015Tomilin 
942 |c CF